| 000 -LEADER |
| fixed length control field |
01224cam a2200301 a 4500 |
| 001 - CONTROL NUMBER |
| control field |
(Sirsi) a857180 |
| 003 - CONTROL NUMBER IDENTIFIER |
| control field |
OSt |
| 005 - DATE AND TIME OF LATEST TRANSACTION |
| control field |
20230220151646.0 |
| 008 - FIXED-LENGTH DATA ELEMENTS--GENERAL INFORMATION |
| fixed length control field |
140805s2014 deuab c b 001 0 eng d |
| 020 ## - INTERNATIONAL STANDARD BOOK NUMBER |
| International Standard Book Number |
9781612284842 |
| 040 ## - CATALOGING SOURCE |
| Original cataloging agency |
DLC |
| Language of cataloging |
eng |
| Transcribing agency |
DLC |
| Modifying agency |
TAE |
| -- |
KH8 |
| 042 ## - AUTHENTICATION CODE |
| Authentication code |
nbic |
| 043 ## - GEOGRAPHIC AREA CODE |
| Geographic area code |
a-si--- |
| 082 0# - DEWEY DECIMAL CLASSIFICATION NUMBER |
| Classification number |
959.57 BAN |
| 100 1# - MAIN ENTRY--PERSONAL NAME |
| Personal name |
Bankston, John, |
| Dates associated with a name |
1974- |
| Relator term |
author |
| 245 10 - TITLE STATEMENT |
| Title |
We visit Singapore / |
| Statement of responsibility, etc. |
John Bankston. |
| 246 3# - VARYING FORM OF TITLE |
| Title proper/short title |
Singapore. |
| 260 ## - PUBLICATION, DISTRIBUTION, ETC. |
| Place of publication, distribution, etc. |
Hockessin, Del. : |
| Name of publisher, distributor, etc. |
Mitchell Lane Publishers, |
| Date of publication, distribution, etc. |
c2014. |
| 300 ## - PHYSICAL DESCRIPTION |
| Extent |
63 p. : |
| Other physical details |
col. ill., col. maps ; |
| Dimensions |
25 cm. |
| 490 1# - SERIES STATEMENT |
| Series statement |
Your land and my land. Asia. |
| 504 ## - BIBLIOGRAPHY, ETC. NOTE |
| Bibliography, etc. note |
Includes bibliographical references and index. |
| 505 0# - FORMATTED CONTENTS NOTE |
| Formatted contents note |
Singapore overview -- Early visitors -- The Europeans arrive -- Raffles neighborhoods -- The rise of Singapore -- Celebrate! -- Singapore people to know -- Singapore today. |
| 520 ## - SUMMARY, ETC. |
| Summary, etc. |
Singapore describes the country's high immigrant population (along with the cultural diversity and religious tolerance), the arrival and history of European explorers. |
| 521 1# - TARGET AUDIENCE NOTE |
| Target audience note |
8-12. |
| 651 #0 - SUBJECT ADDED ENTRY--GEOGRAPHIC NAME |
| Geographic name |
Singapore |
| Form subdivision |
Juvenile literature. |
| 830 #0 - SERIES ADDED ENTRY--UNIFORM TITLE |
| Uniform title |
Your land and my land (Mitchell Lane Publishers). |
| Name of part/section of a work |
Asia. |
| 942 ## - ADDED ENTRY ELEMENTS (KOHA) |
| Source of classification or shelving scheme |
|
| Koha item type |
Books - Non Ficton |